<?xml version="1.0" encoding="UTF-8"?>
<record
    xmlns:xsi="http://www.w3.org/2001/XMLSchema-instance"
    xsi:schemaLocation="http://www.loc.gov/MARC21/slim http://www.loc.gov/standards/marcxml/schema/MARC21slim.xsd"
    xmlns="http://www.loc.gov/MARC21/slim">

  <leader>02878cam a2200301 a 4500</leader>
  <controlfield tag="001">17437881</controlfield>
  <controlfield tag="005">20221220114134.0</controlfield>
  <controlfield tag="008">120822s2012    mdua     b    001 0 eng  </controlfield>
  <datafield tag="010" ind1=" " ind2=" ">
    <subfield code="a">  2012026585</subfield>
  </datafield>
  <datafield tag="020" ind1=" " ind2=" ">
    <subfield code="a">9781442217041 (cloth : alk. paper)</subfield>
  </datafield>
  <datafield tag="020" ind1=" " ind2=" ">
    <subfield code="a">9781442217065 (electronic)</subfield>
  </datafield>
  <datafield tag="040" ind1=" " ind2=" ">
    <subfield code="a">DLC</subfield>
    <subfield code="c">DLC</subfield>
    <subfield code="d">DLC</subfield>
  </datafield>
  <datafield tag="050" ind1="0" ind2="0">
    <subfield code="a">JC330.2</subfield>
    <subfield code="b">.P47 2012</subfield>
  </datafield>
  <datafield tag="082" ind1="0" ind2="0">
    <subfield code="a">320.011,PER</subfield>
    <subfield code="2">23</subfield>
  </datafield>
  <datafield tag="245" ind1="0" ind2="4">
    <subfield code="a">The performance of nations / </subfield>
    <subfield code="c">edited by Jacek Kugler and Ronald L. Tammen.</subfield>
  </datafield>
  <datafield tag="260" ind1=" " ind2=" ">
    <subfield code="a">Lanham :</subfield>
    <subfield code="b">Rowman &amp; Littlefield Publishers, Inc.,</subfield>
    <subfield code="c">c2012.</subfield>
  </datafield>
  <datafield tag="300" ind1=" " ind2=" ">
    <subfield code="a">xiv, 334 p. :</subfield>
    <subfield code="b">ill. ;</subfield>
    <subfield code="c">24 cm.</subfield>
  </datafield>
  <datafield tag="505" ind1="0" ind2=" ">
    <subfield code="a">Introduction (Page-1), Political performance / Marina Arbetman Rabinowitz ... [et al.] (Page-7), Setting the stage: the politics of economic growth / Mark Abdollahian and Kyungkook Kang  (Page-49), How political performance impacts conflict and growth / Jacek Kugler, Ronald L. Tammen, and John Thomas  (Page-75),  Political performance, leadership, and regional integration in Europe / Gaspare M. Genna, Birol Yesilada and Peter Noordijk (Page-97), Political performance as a moderator of international migration / Tadeusz Kugler, Constantine Boussalis, and Travis G. Coan (Page-119), Oil-path to prosperity or poverty: the effects of political performance in Africa / Marina Arbetman-Rabinowitz and Kristin Johnson  (Page-145),  Following the wisdom of elders: instability in China / Kristin Johnson, Marina Arbetman-Rabinowitz, and Siddharth Swaminathan (Page-173),  Will foreign aid help curb terrorism in Pakistan? / Ayesha Umar Wahedi and Marina Arbetman-Rabinowitz  (Page-191), Provincial politics and the attraction of FDI in india and China / Tadeusz Kugler, Travis G. Coan, and Constantine Boussalis (Page-211),  Indian performance, religion, and economic growth / Yi Feng and Saumik Paul  (Page-229),  The politics of births in India: evidence from the states / Siddharth Swaminathan and John Thomas  (Page-245),  Government performance and U.S. residential building energy codes / Hal Nelson  (Page-267),  Do local governments matter?: impact of U.S. municipal level relative political extraction capacity on crime rate / Masami Nishishiba, Mariah Kraner, and Mathew Jones  (Page-295),  The contributions of political performance / Jacek Kugler and Ronald L. Tammen (Page-315).</subfield>
  </datafield>
  <datafield tag="650" ind1=" " ind2="0">
    <subfield code="a">Political stability</subfield>
    <subfield code="x">Economic aspects</subfield>
    <subfield code="v">Cross-cultural studies.</subfield>
    <subfield code="9">105316</subfield>
  </datafield>
  <datafield tag="650" ind1=" " ind2="0">
    <subfield code="a">World politics</subfield>
    <subfield code="v">Cross-cultural studies.</subfield>
    <subfield code="9">105317</subfield>
  </datafield>
  <datafield tag="650" ind1=" " ind2="0">
    <subfield code="a">Political indicators</subfield>
    <subfield code="v">Cross-cultural studies.</subfield>
    <subfield code="9">105318</subfield>
  </datafield>
  <datafield tag="650" ind1=" " ind2="0">
    <subfield code="a">Central-local government relations</subfield>
    <subfield code="v">Cross-cultural studies.</subfield>
    <subfield code="9">105319</subfield>
  </datafield>
  <datafield tag="700" ind1="1" ind2=" ">
    <subfield code="a">Kugler, Jacek.</subfield>
    <subfield code="9">105320</subfield>
  </datafield>
  <datafield tag="700" ind1="1" ind2=" ">
    <subfield code="a">Tammen, Ronald L.,</subfield>
    <subfield code="d">1943-</subfield>
    <subfield code="9">105321</subfield>
  </datafield>
  <datafield tag="906" ind1=" " ind2=" ">
    <subfield code="a">7</subfield>
    <subfield code="b">cbc</subfield>
    <subfield code="c">orignew</subfield>
    <subfield code="d">1</subfield>
    <subfield code="e">ecip</subfield>
    <subfield code="f">20</subfield>
    <subfield code="g">y-gencatlg</subfield>
  </datafield>
  <datafield tag="942" ind1=" " ind2=" ">
    <subfield code="2">ddc</subfield>
    <subfield code="c">BK</subfield>
    <subfield code="k">320.011,PER</subfield>
  </datafield>
  <datafield tag="999" ind1=" " ind2=" ">
    <subfield code="c">592736</subfield>
    <subfield code="d">592736</subfield>
  </datafield>
  <datafield tag="952" ind1=" " ind2=" ">
    <subfield code="0">0</subfield>
    <subfield code="1">0</subfield>
    <subfield code="2">ddc</subfield>
    <subfield code="4">0</subfield>
    <subfield code="7">0</subfield>
    <subfield code="a">MCS</subfield>
    <subfield code="b">MCS</subfield>
    <subfield code="c">GEN</subfield>
    <subfield code="d">2022-12-20</subfield>
    <subfield code="l">0</subfield>
    <subfield code="o">320.011,PER</subfield>
    <subfield code="p">MCS37591</subfield>
    <subfield code="r">2022-12-20</subfield>
    <subfield code="w">2022-12-20</subfield>
    <subfield code="y">BK</subfield>
    <subfield code="z">Almirah No.49, Shelf No.4</subfield>
  </datafield>
</record>
